| 000 | 00904nam a22002417a 4500 | ||
|---|---|---|---|
| 001 | 81064 | ||
| 003 | BD-RjUL | ||
| 005 | 20230113161604.0 | ||
| 008 | 230113s2012 bg a|||| m||| 00| 0 eng d | ||
| 035 | _a(BD-RjUL)81064 | ||
| 040 |
_aBD-RjUL _beng _cBD-RjUL _dBD-RjUL |
||
| 041 | _aeng | ||
| 082 |
_223 _a304.632095492 _bKAF 2012 |
||
| 100 | _aKarim, Md. Rezaul | ||
| 245 | 1 | 0 |
_aFactors associated with target fertility In Bangladesh / _cBy Md. Rezaul Karim ; _6Supervisor : Md. Nurul Islam |
| 260 |
_aRajshahi : _bDepartment of Statistics, University of Rajshahi, _c2012 |
||
| 300 |
_axiv, 180 leaves : _bill, ; _c29.cm. |
||
| 502 | _aThesis (Ph. D.) -- Department of Statistics, University of Rajshahi, 2012 | ||
| 504 | _aBibliography : Leaves 168 -180 | ||
| 650 |
_aFertility _vFactors affecting social behavior _zBangladesh _96557 |
||
| 700 |
_aIslam, Md. Nurul, Supervisor _91185 |
||
| 942 |
_2ddc _cTHE |
||
| 999 |
_c81064 _d81064 |
||